| 000 | 01167nam a2200253Ia 4500 | ||
|---|---|---|---|
| 003 | Ost | ||
| 005 | 20260507074916.0 | ||
| 008 | 260507s9999||||xx |||||||||||||| ||und|| | ||
| 020 | _a9789957700278 | ||
| 040 | _cfsecg | ||
| 041 | _aara | ||
| 082 | _a330 | ||
| 100 |
_aالتميمي، فواز _eمؤلف |
||
| 245 | 0 |
_aإدارة الجودة الشاملة وتطبيقات التاهيل الايزو (9001) / _c فواز التميمي |
|
| 260 |
_aاربد: _bعالم الكتب الحديث, _c2007 |
||
| 300 |
_a235 صفحة؛ _bإيضاحات ؛ _c25 سم |
||
| 504 | _aببليوغرافيا: ص.219 | ||
| 520 | _aإدارة الجودة الشاملة، الايزو، نظام ادارة الجودة أيزو 9001 وتطبيقاته، دراسة ميدانية لاستقصاء درجة فاعلية استخدام نظام ادارة الجودة ايزو 9001 في تطوير اداء الوحدات الايدارية في وزارة التربية في الاردن | ||
| 653 | _aالادارة | ||
| 653 | _aالتربية | ||
| 653 | _aضبط الجودة | ||
| 700 |
_aالخطيب، حمد _eمؤلف ثانوي |
||
| 942 | _cكتاب | ||
| 999 |
_c41771 _d41771 |
||